LEADER 01112nam0 22002771i 450 001 UON00062787 005 20231205102315.430 100 $a20020107d1979 |0itac50 ba 101 $ahin 102 $aIN 105 $a|||| 1|||| 200 1 $aBhora ki vela$fKamala Shukla 210 $aNai Dilli$cSanjiva Prakashana$d1979 215 $a167 p.$d17 cm 606 $aLETTERATURA HINDI$xNARRATIVA$xSEC. XX-XXI$3UONC004706$2FI 620 $aIN$dNew Delhi$3UONL000110 686 $aSI VI CCX$cSubcont. indiano - Letteratura hindi - Moderna e contemporanea - Narrativa$2A 700 1$aSHUKLA$bKamala$3UONV078664$0655972 712 $aSanjiva Prakashana$3UONV255474$4650 790 1$aSUKLA, Kamal$zSHUKLA, Kamala$3UONV040083 801 $aIT$bSOL$c20260220$gRICA 899 $aSIBA - SISTEMA BIBLIOTECARIO DI ATENEO E ARCHIVIO STORICO$2UONSI 912 $aUON00062787 950 $aSIBA - SISTEMA BIBLIOTECARIO DI ATENEO E ARCHIVIO STORICO$dSI SI VI CCX 076 $eSI SA 55511 5 076 996 $aBhora ki vela$91172443 997 $aUNIOR LEADER 00931nam 2200313 450 001 996715206703316 005 20260320104006.0 100 $a20260320d km y0itay5003 ba 101 0 $aita 102 $aIT 105 $ay 00 y 200 1 $aStoria d'Italia$fIndro Montanelli, Roberto Gervaso 210 $aMilano$cBiblioteca universale Rizzoli 215 $avolumi$d18 cm 225 $aBUR$v51 327 1 $a<> <> fine della libertà italiana. - 2. ed. - 1981. - XV, 246 p. : ill. 410 $12001$aBUR$v51 540 1 $a<> fine della libertà italiana 606 0 $aItalia$xStoria$2BNCF 676 $a945 700 1$aMONTANELLI,$bIndro$0247523 701 1$aGERVASO,$bRoberto$0176195 801 0$aIT$bcba$gREICAT 912 $a996715206703316 951 $aXVI.8. 501 13$b95275 G.$cXVI.8.$d374422 959 $aBK 969 $aFAVAG 996 $aStoria d'Italia$94554019 997 $aUNISA